| 000 -LEADER |
| fixed length control field |
01636pab a2200181 454500 |
| 008 - FIXED-LENGTH DATA ELEMENTS--GENERAL INFORMATION |
| fixed length control field |
180718b2017 xxu||||| |||| 00| 0 eng d |
| 100 ## - MAIN ENTRY--PERSONAL NAME |
| Personal name |
Zwalf, Sebastian |
| 245 ## - TITLE STATEMENT |
| Title |
Choose your own adventure: finding a suitable discount rate for evaluating value for money in public-private partnership proposals |
| 260 ## - PUBLICATION, DISTRIBUTION, ETC. |
| Date of publication, distribution, etc. |
2017 |
| 300 ## - PHYSICAL DESCRIPTION |
| Extent |
p.301-315. |
| 362 ## - DATES OF PUBLICATION AND/OR SEQUENTIAL DESIGNATION |
| Dates of publication and/or sequential designation |
Sep |
| 520 ## - SUMMARY, ETC. |
| Summary, etc. |
The public sector comparator (PSC) is the key test for determining value for money in public-private partnership (PPP) proposals. Central to the use of the PSC is the discount rate adopted to develop a net present cost for the comparison of privately financed versus traditional delivery options. Several major theories exist informing what the discount rate should be; however, scholarly debate has been inconclusive about which theory is most suitable. This paper considers the two major discount rate theories and examines the discount rate policy applied in eight jurisdictions giving consideration to the rate applied and the theoretical basis on which discount rate policy is developed. It finds that the majority of jurisdictions rely on a variable project specific discount rate formula; a prescribed number is rare; most jurisdictions depart from the major theoretical schools and no two jurisdictions have the same approach; further, that a very wide range of discount rates are in use, ranging from 3.94% (nominal) to 10.15% (nominal) being observed. - Reproduced. |
| 650 ## - SUBJECT ADDED ENTRY--TOPICAL TERM |
| Topical term or geographic name entry element |
Public private partnerships |
| 700 ## - ADDED ENTRY--PERSONAL NAME |
| Personal name |
Alam, Quamrul |
| 700 ## - ADDED ENTRY--PERSONAL NAME |
| Personal name |
Hodge, Graeme |
| 773 ## - HOST ITEM ENTRY |
| Main entry heading |
Australian Journal of Public Administration |
| 909 ## - |
| -- |
116254 |